| 000 | 00650nam a2200241Ia 4500 | ||
|---|---|---|---|
| 003 | OSt | ||
| 005 | 20260120122923.0 | ||
| 008 | 210210b1965 xxu||||| |||| 00| 0 eng d | ||
| 040 | _cAL | ||
| 041 | _aEnglish | ||
| 082 | _a858/159 | ||
| 100 |
_aREY RENA _dರೇಯ್ ರೆನಾ _9251874 |
||
| 245 |
_aJanis bobson _bಜಾನಿಸ್ ಬಾಬ್ ಸನ್ |
||
| 260 |
_aMangaLUru _b- _c1965 |
||
| 650 |
_aNoronnA _9251875 |
||
| 650 |
_aJAnis _9251876 |
||
| 650 |
_aby _9251877 |
||
| 650 |
_abAbsan _9251878 |
||
| 690 |
_aBiography _9251879 |
||
| 700 |
_aNoronha _dನೊರೊನ್ಹಾ _9251880 |
||
| 906 | _a020702 | ||
| 942 |
_2ddc _cBK |
||
| 999 |
_c144856 _d144856 |
||